书目信息 |
| 题名: |
广告创意与策划
|
|
| 作者: | 冯章 主编 | |
| 分册: | ||
| 出版信息: | 北京 中国经济出版社 2009 |
|
| 页数: | 377页 | |
| 开本: | 26cm | |
| 丛书名: | 实用广告丛书 | |
| 单 册: | ||
| 中图分类: | F713.81 | |
| 科图分类: | ||
| 主题词: | 广告--创作方法 , 广告--策划 , 广告 , 创作方法 , 策划 | |
| 电子资源: | ||
| ISBN: | 978-7-5096-0670-4 | |
| 000 | 01012oam2 2200289 45 | |
| 005 | 20100303110857.54 | |
| 010 | @a978-7-5096-0670-4@dCNY48.00 | |
| 100 | @a20091125d2009 em y0chiy0110 ea | |
| 101 | 0 | @achi |
| 102 | @aCN@b110000 | |
| 105 | @aa z 000yy | |
| 106 | @ar | |
| 200 | 1 | @a广告创意与策划@AGuang Gao Chuang Yi Yu Ce Hua@e方法·技巧·案例@EFang Fa· Ji Qiao· An Li@f冯章主编@FFeng Zhang Zhu Bian |
| 210 | @a北京@c中国经济出版社@d2009 | |
| 215 | @a377页@c图@d26cm | |
| 225 | 2 | @a实用广告丛书 |
| 330 | @a本书分为上篇和下篇,论述了广告创意和广告策划。上篇解析了广告创意的概念、策略,广告创意的思维方法、技巧,广告方案的创意等内容;下篇介绍了广告策划的基本知识,广告策划的运作过程、广告战略策划等内容。 | |
| 461 | 0 | @12001 @a实用广告丛书 |
| 606 | 0 | @a广告@x创作方法 |
| 606 | 0 | @a广告@x策划 |
| 606 | 0 | @a广告 |
| 606 | 0 | @a创作方法 |
| 606 | 0 | @a策划 |
| 690 | @aF713.81@v4 | |
| 701 | 0 | @a冯章@AFeng Zhang@4主编 |
| 801 | 0 | @aCN@bTANGWEI@c20100303 |
| 905 | @b0583853-57@dF713.81@e480@f5 | |
| 广告创意与策划:方法·技巧·案例/冯章主编.-北京:中国经济出版社,2009 |
| 377页:图;26cm.-(实用广告丛书) |
| ISBN 978-7-5096-0670-4:CNY48.00 |
| 本书分为上篇和下篇,论述了广告创意和广告策划。上篇解析了广告创意的概念、策略,广告创意的思维方法、技巧,广告方案的创意等内容;下篇介绍了广告策划的基本知识,广告策划的运作过程、广告战略策划等内容。 |
| ● |
| 相关链接 |
|
|
|
|
正题名:广告创意与策划
索取号:F713.81/480
 
预约/预借
| 序号 | 登录号 | 条形码 | 馆藏地/架位号 | 状态 | 备注 |
| 1 | 0583853 | 205838539 | 第一样本阅览室/ [索取号:F713.81/480] | 在馆 | |
| 2 | 0583854 | 205838548 | 密集书库-海洋学院/ [索取号:F713.81/480] | 在馆 | |
| 3 | 0583855 | 205838557 | 第一借阅区/ [索取号:F713.81/480] | 在馆 | |
| 4 | 0583856 | 205838566 | 第一借阅区/ [索取号:F713.81/480] | 在馆 | |
| 5 | 0583857 | 205838575 | 第一借阅区/ [索取号:F713.81/480] | 在馆 |